Lý Thường Kiệt Lịch sử ngoại giao triều Lý

שמור ב:
מידע ביבליוגרפי
מחבר ראשי: Hoàng Xuân Hãn
פורמט: ספר
שפה:Undetermined
יצא לאור: Hà Nội Văn học 1994
נושאים:
תגים: הוספת תג
אין תגיות, היה/י הראשונ/ה לתייג את הרשומה!
Thư viện lưu trữ: Trung tâm Học liệu Trường Đại học Cần Thơ
LEADER 00522nam a2200181Ia 4500
001 CTU_10429
008 210402s9999 xx 000 0 und d
082 |a 920 
082 |b H105 
100 |a Hoàng Xuân Hãn 
245 0 |a Lý Thường Kiệt 
245 0 |b Lịch sử ngoại giao triều Lý 
245 0 |c Hoàng Xuân Hãn 
260 |a Hà Nội 
260 |b Văn học 
260 |c 1994 
650 |a diplomacy,vietnam - history 
980 |a Trung tâm Học liệu Trường Đại học Cần Thơ